Quel roi ont-elles épousé ? (Bourbons et Orléans) - Statistiques

Statistiques générales
  • Ce quiz a été pris 78 fois
  • Le résultat moyen est 6 sur 11
Statistiques - réponses
Hint Réponse % Correct
Marie-Antoinette d'Autriche Louis XVI (1774-1792)
91%
Anne d'Autriche Louis XIII (1610-1643)
71%
Marguerite de Valois Henri IV (1589-1610)
70%
Marie de Médicis Henri IV (1589-1610)
66%
Marie Leszczynska Louis XV (1715-1774)
63%
Marie-Thérèse d'Autriche Louis XIV (1643-1715)
61%
Marie-Amélie de Bourbon-Siciles Louis-Philippe (1830-1848)
50%
Françoise d'Aubigné Louis XIV (1643-1715)
48%
Marie-Joséphine de Savoie Louis XVIII (1814-1824)
41%
Marie-Thérèse de Savoie Charles X (1824-1830)
34%
Marie-Thérèse de France Louis XIX (1830)
30%
Aucun quiz correspondant
Distribution des résultats
% des personnes avec chaque résultat
Percentile par nombre de réponses
Votre historique - résultats
Vous n’avez pas pris ce quiz